Statistics for Reds History General Knowledge Quiz #1

Click here to take the quiz!

General Stats

  • This quiz has been taken 100 times
  • The average score is 3 of 15

Answer Stats

Hint Answer % Correct
Assassination of ______ started WW1Archduke Franz Ferdinand
99%
Russian Tsar abdicated after the February revolutionNicholas II
47%
How many Popes have been called InnocentThirteen
47%
Napoleon forced to live out the rest of his days on this Atlantic islandSt Helena
46%
What was the name of the first modern battleshipDreadnought
22%
Year of the fall of the Byzantine empire1453
16%
Germany hoped to carry out the ________ plan in an attempt to defeat France in 1914Schlieffen
14%
What year marks the greatest territorial extent of the British Empire1922-1929
12%
What was the dynastic name of Harold II, the last Anglo-Saxon King of EnglandGodwinson
10%
'Mons Meg' a huge medieval cannon is preserved in which castleEdinburgh
10%
What is the sum of the years marking: Fall of Berlin Wall, signing of Declaration of Independence and the passing of the Act of Union5472
7%
Name of devised operation of UK and USA to invade the USSR following WW2Unthinkable
5%
Which WW2 battle was the first all-aircraft naval attack in historyTaranto
4%
William Wallace was one of two leaders fighting for Scottish independence who was the otherAndrew Murray
2%
August 24th 1821 marks the date the Treaty of _______ was signed granting Mexico independence from SpainCordoba
1%

Score Distribution

Percentile by Number Answered

Percent of People with Each Score

Your Score History

You have not taken this quiz